000 00505cam a2200193ua 4500
001 650
005 20260515113213.0
008 110411n ii |||gr||||Z||||||eng
040 _cMAIN
082 _a320.5
245 1 _aGreat political thinkers :
_bEast & west /
_cby R.C. Gupta
250 _a4th.
260 _aAgra:
_bLakshmi narayan agarwal,980.
300 _axi, 512p.:
_c30cm.
653 _aPolitical science
653 _aGreat political thinkers
700 _aGupta, R.C.,
_eAuthor.
942 _cBK
999 _c579
_d579